000 00547nam a2200169Ia 4500
999 _c21655
_d21655
003 OSt
005 20200610142834.0
008 190216s9999||||xx |||||||||||||| ||und||
020 _a9789350741382
040 _coclc
082 _a294.5350954133
_bSER/M
100 _aServorum, Servus
_92746
245 0 _aMysticism In The Temple Of Jagannath At Puri,Orissa /
_cServus Servorum
260 _bAbhijeet Publications,
_c2015.
_aNew Delhi:
300 _a184p
942 _cBK
_2ddc
_h294.53509544133
_iSER/M
_k294.53509544133
_mSER/M